| 000 | 00797nas a2200253 4500 | ||
|---|---|---|---|
| 001 | BR8600742 | ||
| 003 | BR-BrBNA | ||
| 005 | 20231205090342.0 | ||
| 007 | ta | ||
| 008 | 230509b bl.|||p| |||| 00| 00por d | ||
| 040 |
_aBR-BrBNA _bpor _cBiblioteca Nacional de Agricultura |
||
| 041 | _a(Pt) | ||
| 072 | _aD50; Q03 | ||
| 100 | 1 | _aAlves Neto, F. | |
| 245 | 1 | _aNovo manual do controlador para o Servico de Controle Leiteiro | |
| 246 | 1 | _aNew controller guidebook for the Dairy Control Service | |
| 650 | _aLEGISLACAO | ||
| 650 | _aTOXICOLOGIA DE ALIMENTO | ||
| 650 | _aLEITE | ||
| 650 | _aHIGIENE DE ALIMENTO | ||
| 773 | 0 |
_tRevista dos Criadores (Brazil) _xISSN 0034-9259 _g(Oct 1985), v. 55(669) p. 158-159 _wBR8600742 |
|
| 909 |
_a202311 _bLúcia _c55 _dLúcia Elande |
||
| 942 |
_2AGRIS _n0 _cANA |
||
| 999 |
_c117806 _d117806 |
||